000 00696nam a2200193 a 4500
001 001009695
003 AM-YeHGA
005 20250617150552.0
008 140327s1974 ||| r 000 0 rus d
040 _aAM-YeHGA
041 0 _arus
100 1 _aМуравьев, В
245 1 0 _aПособие по преодолению типичных ошибок студентов во французском языке /
_cВ.Л. Муравьев, Ж.Ж, Римассон; Владимир. гос. пед. ин-т.
260 _aВладимир :
_bБ. и.,
_c1974.
300 _a112 с.
653 0 _aФранцузский язык
700 1 _aРимассон, Ж. Ж.
090 _c335252
999 _c333483
_d333483